Statistics for United Kingdom Geography A-Z

Click here to take the quiz!

General Stats

  • This quiz has been taken 578 times
  • The average score is 21 of 25

Answer Stats

ClueAnswer% Correct
CCapital and largest city of WalesCardiff
99%
LHometown of the BeatlesLiverpool
98%
OOldest university in EnglandOxford
98%
NLoch allegedly containing a monsterNess
97%
ATown in Northeast ScotlandAberdeen
95%
TNewcastle upon ____Tyne
93%
DEnglish town across from CalaisDover
92%
JLargest of the Channel IslandsJersey
92%
QAntarctic territory also known as Edith Ronne Land{Queen} Elizabeth Land
92%
WLondon church used for coronations and royal weddingsWestminster Abbey
92%
EPortsmouth's body of water{English} Channel
91%
HAncient Roman wall separating England and Scotland{Hadrian's} Wall
91%
BHighest mountain of the UKBen Nevis
90%
YHistoric walled city in northern EnglandYork
90%
GMain island of the United KingdomGreat Britain
87%
ICultural center of the Scottish HighlandsInverness
87%
KPort on the Humber River{Kingston} upon Hull
86%
VFamous art museum in London{Victoria} and Albert
84%
MRiver of the aboveMersey
83%
SRobin Hood's forest, now only 1,000 acresSherwood
81%
UScotland's national animalUnicorn
79%
ZLondon has the world's oldest scientific one of theseZoo
70%
FEdinburgh's body of waterFirth of {Forth}
65%
PTown on the Cornwall Peninsula depicted in a famous operaPenzance
65%
RTortola city that is the capital of the British Virgin IslandsRoad Town
16%

Score Distribution

Percentile by Number Answered

Percent of People with Each Score

Your Score History

You have not taken this quiz